| 000 | 00540nam a22001697a 4500 | ||
|---|---|---|---|
| 008 | 150407b xxu||||| |||| 00| 0 eng d | ||
| 050 | _aHM221.F387 | ||
| 100 |
_aFerkiss, V. _916934 |
||
| 245 |
_aThe Future of technological civilization _c/by Victor Ferkiss |
||
| 260 |
_aNew York _bGeorge Braziller _c1974 |
||
| 300 |
_a369p. ; _c25cm. |
||
| 650 |
_aTechnology and civilization _916935 |
||
| 650 |
_aHuman ecology _916936 |
||
| 650 |
_aCivilization, modern _y1950 _94562 |
||
| 650 |
_aSocial change _916937 |
||
| 942 |
_2lcc _cMONOGRAPH |
||
| 999 |
_c122581 _d122581 |
||